000 00288nam a22001097a 4500
008 170123b xxu||||| |||| 00| 0 eng d
020 _a9780803618817
041 _aeng
080 _23RD
_a618.2
245 _aREADING, UNDERSTANDING AND APPLYGING NURSING RESEARCH
_cFAIN, J.A
942 _2udc
_cBK
999 _c3416
_d3416